000 00251nam a22001097a 4500
008 170124b xxu||||| |||| 00| 0 eng d
020 _a9781573871921
041 _aeng
080 _a618.2
245 _aPATHWAYS TO NURSING
_cTUCKER, D.C
942 _2udc
_cBK
999 _c3523
_d3523